Statistics for WWE - Rob Van Dam's PPV Opponents

Click here to take the quiz!

General Stats

  • This quiz has been taken 471 times
  • The average score is 61 of 87

Answer Stats

YearEventMatch TypeAnswer% Correct
2002Survivor SeriesElimination Chamber MatchKane
96%
2003SummerSlamNo Holds Barred MatchKane
96%
2001Survivor Series5 vs 5 Elimination MatchKane
96%
2006Survivor Series5 vs 5 Elimination MatchThe Big Show
95%
2006ECW December to DismemberExtreme Elimination Chamber MatchThe Big Show
95%
2001Survivor Series5 vs 5 Elimination MatchThe Big Show
95%
2006ECW One Night StandJohn Cena
94%
2004The Great American BashFatal 4-Way MatchJohn Cena
94%
2001VengeanceHardcore MatchThe Undertaker
92%
2001Survivor Series5 vs 5 Elimination MatchThe Undertaker
92%
2001Survivor Series5 vs 5 Elimination MatchChris Jericho
91%
2003Survivor Series5 vs 5 Elimination MatchChris Jericho
91%
2003UnforgivenTriple Threat MatchChris Jericho
91%
2002Survivor SeriesElimination Chamber MatchChris Jericho
91%
2001UnforgivenHardcore MatchChris Jericho
91%
2002King of the RingKOTR Semi-FinalsChris Jericho
91%
2001SummerSlamLadder MatchJeff Hardy
91%
2001InvasionHardcore MatchJeff Hardy
91%
2002UnforgivenTriple H
90%
2002Survivor SeriesElimination Chamber MatchTriple H
90%
2001Survivor Series5 vs 5 Elimination MatchThe Rock
89%
2006VengeanceEdge
88%
2004Survivor Series4 vs 4 Elimination MatchKurt Angle
88%
2001No MercyTriple Threat MatchKurt Angle
88%
2003Survivor Series5 vs 5 Elimination MatchRandy Orton
88%
2007One Night StandStretcher MatchRandy Orton
88%
2003ArmageddonRandy Orton
88%
2003Survivor Series5 vs 5 Elimination MatchChristian
87%
2003UnforgivenTriple Threat MatchChristian
87%
2004The Great American BashFatal 4-Way MatchBooker T
86%
2002Survivor SeriesElimination Chamber MatchBooker T
86%
2001No MercyTriple Threat MatchStone Cold Steve Austin
86%
2002Judgment DayEddie Guerrero
85%
2002InsurrextionEddie Guerrero
85%
2002BacklashEddie Guerrero
85%
2002Survivor SeriesElimination Chamber MatchShawn Michaels
83%
2002VengeanceBrock Lesnar
82%
2002King of the RingKOTR FinalsBrock Lesnar
82%
2002SummerSlamChris Benoit
78%
2006ECW December to DismemberExtreme Elimination Chamber MatchCM Punk
78%
2003BacklashTag Team MatchBubba Ray Dudley
75%
2004WrestleMania XXFatal 4-Team MatchBubba Ray Dudley
75%
2004Judgment DayTag Team MatchBubba Ray Dudley
75%
2006ECW December to DismemberExtreme Elimination Chamber MatchBobby Lashley
74%
2003BacklashTag Team MatchD-Von Dudley
74%
2004WrestleMania XXFatal 4-Team MatchD-Von Dudley
74%
2004Judgment DayTag Team MatchD-Von Dudley
74%
2002No MercyRic Flair
73%
2006ECW December to DismemberExtreme Elimination Chamber MatchTest
73%
2006Survivor Series5 vs 5 Elimination MatchTest
73%
2003No Way OutTag Team MatchWilliam Regal
68%
2002WrestleMania X8William Regal
68%
2006ECW December to DismemberExtreme Elimination Chamber MatchHardcore Holly
66%
2003Survivor Series5 vs 5 Elimination MatchMark Henry
62%
2013Night of ChampionsAlberto Del Rio
60%
2013BattlegroundHardcore MatchAlberto Del Rio
60%
2006BacklashShelton Benjamin
59%
2003No Way OutTag Team MatchLance Storm
56%
2004WrestleMania XXFatal 4-Team MatchRene Dupree
56%
2003InsurrextionTag Team MatchRene Dupree
56%
2003Bad BloodTag Team MatchRene Dupree
56%
2004Survivor Series4 vs 4 Elimination MatchCarlito
54%
2013SummerSlamDean Ambrose
53%
2004ArmageddonTag Team MatchRene Dupree
52%
2004No MercyTag Team MatchRene Dupree
52%
2004The Great American BashFatal 4-Way MatchRene Dupree
52%
2004Survivor Series4 vs 4 Elimination MatchLuther Reigns
51%
2002No Way OutGoldust
50%
2004WrestleMania XXFatal 4-Team MatchRob Conway
47%
2007WrestleMania 238-Man Tag Team MatchElijah Burke
46%
2003InsurrextionTag Team MatchSylvain Grenier
46%
2003Bad BloodTag Team MatchSylvain Grenier
46%
2014Extreme RulesTriple Threat Elimination MatchJack Swagger
43%
2004WrestleMania XXFatal 4-Team MatchMark Jindrak
43%
2007WrestleMania 238-Man Tag Team MatchKevin Thorn
42%
2004Survivor Series4 vs 4 Elimination MatchMark Jindrak
42%
2006Survivor Series5 vs 5 Elimination MatchUmaga
42%
2014Extreme RulesTriple Threat Elimination MatchCesaro
41%
2006Survivor Series5 vs 5 Elimination MatchMVP
41%
2006Survivor Series5 vs 5 Elimination MatchFinlay
39%
2007WrestleMania 238-Man Tag Team MatchMatt Striker
39%
2007WrestleMania 238-Man Tag Team MatchMarcus Cor Von
38%
2004No MercyTag Team MatchKenzo Suzuki
37%
2004ArmageddonTag Team MatchKenzo Suzuki
37%
2003Survivor Series5 vs 5 Elimination MatchScott Steiner
36%
2014PaybackBad News Barrett
35%
2004WrestleMania XXFatal 4-Team MatchGarrison Cade
35%

Score Distribution

Percentile by Number Answered

Percent of People with Each Score

Your Score History

You have not taken this quiz